000 00552nam a2200229Ia 4500
999 _c9521
_d9521
003 0100
005 20180228125125.0
008 130303s9999 xx 000 0 und d
020 _a860361446
040 _cARRUPELIB
050 _aDT779.9.H3613 1981
100 _aHanf, Theodor
_939805
245 _aSouth Africa:
_bthe prospects of peaceful change /
260 _aLondon
_bRex Collings
_c1981
300 _axviii
300 _b 492 p. 25 cm
650 _aSouth Africa
_xPolitics and government
_y1961-1978
_939806
650 _aSouth Africa
_xRace relations
_929009
700 _aHeribert, Weiland ; Vierdag, Gerda
_939807
942 0 0 _03
_2lcc
_cMONOGRAPH